Strategic Technology Management / (Record no. 4387)

MARC details
000 -LEADER
fixed length control field 00979nac a22002291u 4500
008 - FIXED-LENGTH DATA ELEMENTS--GENERAL INFORMATION
fixed length control field 100919t xxu||||| |||| 00| 0 eng d
010 ## - LIBRARY OF CONGRESS CONTROL NUMBER
LC control number 92035846
020 ## - INTERNATIONAL STANDARD BOOK NUMBER
International Standard Book Number 0070051372 (acid-free)
082 00 - DEWEY DECIMAL CLASSIFICATION NUMBER
Classification number 658.4062
Item number BET
100 ## - MAIN ENTRY--PERSONAL NAME
Personal name Betz, Frederick,
9 (RLIN) 19465
245 10 - TITLE STATEMENT
Title Strategic Technology Management /
Statement of responsibility, etc Frederick Betz.
260 ## - PUBLICATION, DISTRIBUTION, ETC. (IMPRINT)
Place of publication, distribution, etc New York :
Name of publisher, distributor, etc McGraw-Hill,
Date of publication, distribution, etc c.1994.
300 ## - PHYSICAL DESCRIPTION
Extent xvii, 476 p. :
Other physical details ill. ;
Dimensions 23 cm.
440 #0 -
-- McGraw-Hill engineering and technology management series
-- 19466
504 ## - BIBLIOGRAPHY, ETC. NOTE
Bibliography, etc Includes bibliographical references (p. 455-461) and index.
650 #0 - SUBJECT ADDED ENTRY--TOPICAL TERM
Topical term or geographic name as entry element Technology
General subdivision Management.
9 (RLIN) 19467
650 #0 - SUBJECT ADDED ENTRY--TOPICAL TERM
Topical term or geographic name as entry element Technological innovations.
9 (RLIN) 19468
650 #0 - SUBJECT ADDED ENTRY--TOPICAL TERM
Topical term or geographic name as entry element Strategic planning.
9 (RLIN) 19469
856 41 - ELECTRONIC LOCATION AND ACCESS
Materials specified Table of contents
Uniform Resource Identifier <a href="http://www.loc.gov/catdir/toc/mh031/92035846.html">http://www.loc.gov/catdir/toc/mh031/92035846.html</a>
942 ## - ADDED ENTRY ELEMENTS (KOHA)
Item type Book - Borrowing
Call number prefix 658.4062BET
Source of classification or shelving scheme Dewey Decimal Classification
Holdings
Withdrawn status Item status Damaged status Not for loan Home library Current library Shelving location Date acquired Source of acquisition Total Checkouts Full call number Barcode Date last seen Koha item type
        Central Library Central Library First floor 07/09/2005 Purchase   658.4062 BET 000005166 15/07/2025 Book - Borrowing